| 000 | 02820cam a22003858i 4500 | ||
|---|---|---|---|
| 001 | 22447423 | ||
| 003 | CSPC | ||
| 005 | 20250807082224.0 | ||
| 008 | 220228t20222022nju 001 0 eng c | ||
| 010 | _a 2022000608 | ||
| 020 | _a9781119849919 | ||
| 040 |
_aMdU/DLC _beng _erda _cMdU _dCSPC |
||
| 042 | _apcc | ||
| 050 | 0 | 0 |
_aTJ230 _b.R2145 2022 |
| 082 | 0 | 0 |
_a621.815 _bR121d _223 |
| 100 | 1 |
_aRaeymaekers, Bart, _eauthor. |
|
| 245 | 1 | 0 |
_aDesign of mechanical elements : _ba concise introduction to mechanical design considerations and calculations / _cBart Raeymaekers. |
| 263 | _a2204 | ||
| 264 | 1 |
_aHoboken, New Jersey : _bJohn Wiley & Sons, Inc., _c2022. |
|
| 300 |
_axv, 240 pages : _billustrations ; _c26 cm. |
||
| 336 |
_atext _btxt _2rdacontent |
||
| 337 |
_aunmediated _bn _2rdamedia |
||
| 338 |
_avolume _bnc _2rdacarrier |
||
| 500 | _aIncludes index. | ||
| 505 | 0 | _aMechanical design -- Material selection -- Statistical considerations -- Tolerances -- Design for static strength -- Design for fatigue strength -- Shafts -- Bolted joints -- Welded joints -- Rolling element bearings -- Gears -- Area moment of Inertia -- Internal force diagrams -- Elementary stress element. | |
| 520 |
_a"Design of Mechanical Elements provides a basic introduction to mechanical design considerations and calculations without overwhelming students with extraneous information. Developed for readers who are encountering the topic for the first time, the book is divided into three parts: the first covers basic design techniques and concepts such as material selection, statistical considerations, tolerances, and safety factors; the second part covers the strength of materials in the context of the design of mechanical elements, including simple and dynamic loading problems; and the third part combines the techniques covered in previous chapters to explain the design of common mechanical elements like shafts, bolted joints, welded joints, bearings, and gears. Each chapter opens with an overview of key terminology followed by an explanation of the underlying physics involved with the mechanical design problems that will be covered in the chapter. Best procedures for solving each problem are discussed and illustrated with worked examples and end-of-chapter practice problems"-- _cProvided by publisher. |
||
| 650 | 0 | _aMachine design. | |
| 650 | 0 |
_aMachine-tools _xDesign. |
|
| 650 | 0 | _aEngineering design. | |
| 776 | 0 | 8 |
_iOnline version: _aRaeymaekers, Bart. _tDesign of mechanical elements _dHoboken, NJ : Wiley, 2022 _z9781119849957 _w(DLC) 2022000609 |
| 906 |
_a7 _bcbc _corignew _d1 _eecip _f20 _gy-gencatlg |
||
| 942 |
_2ddc _cBK _h621.815 _iR121d _kENG _m2022 _n0 _e23 |
||
| 999 |
_c28401 _d28401 |
||